000 00932nmc a2200301 a 4500
003 AR-BaBNM
005 20251128203759.0
008 107019s1972 ||||||||||||||000 | spa||
040 _cAR-BaBNM
100 1 _aGozzer, Giovanni
245 1 0 _aLa educación tecnológica
_bdocumentos para una investigación
260 _aBuenos Aires
_bEl Ateneo
_c1972
300 0 _a398 p.
490 0 _aBiblioteca nuevas orientaciones de la educación
650 4 _aCAMBIO TECNOLOGICO
650 4 _aINVESTIGACION CIENTIFICA
650 4 _aTRANSFERENCIA DE TECNOLOGIA
650 4 _aPROGRESO TECNOLOGICO
650 4 _aTECNOLOGIA EDUCATIVA
653 _aINNOVACIONES EDUCATIVAS
653 0 _aCAMBIO EDUCATIVO
700 1 _aSalonia, Antonio Francisco
_eprologuista
700 1 _aPadellaro, Nazareno
_eprologuista
700 1 _aRaggio, Ezequiel
_etraductor
800 1 _aMarquez, Angel Diego
_edirector
942 _cBK
998 _cCarmen
999 _c4922
_d4922